000
00248nam a2200109Ia 4500
005
20251222144738.0
008
251222s9999||||xx |||||||||||||| ||spa||
082
_a
362.709.85/A34
245
0
_a
NiƱos de la Calle:
264
_b
Alalay
942
_c
LIB
999
_c
18841
_d
18841